Animation on 4. Volume 2

Συλλογή βραβευμένων ταινιών κινουμένων σχεδίων μικρού μήκους από το Channel 4

Αποθηκεύτηκε σε:
Λεπτομέρειες βιβλιογραφικής εγγραφής
Άλλοι συγγραφείς: Purveys, Barry (Διευθυντής)
Μορφή: Διαφάνειες
Γλώσσα:English
Δημοσίευση: London : Connoisseur Video, c1998
Θέματα:
Ετικέτες: Προσθήκη ετικέτας
Δεν υπάρχουν, Καταχωρήστε ετικέτα πρώτοι!

MARC

LEADER 00000 gm a2200000 i 4500
001 1/103079
008 090320s1998 g eng d
035 |l 10103910 
040 |a GR-MY-UA  |b gre  |e aacr 
041 0 |a eng 
082 0 |a 791.4334  |2 (22) 
245 1 0 |a Animation on 4. Volume 2  |h [μαγνητοσκόπηση] /  |c A Connoisseur Video release from the British Film Institute 
246 3 3 |a Animation on four. Volume two [μαγνητοσκόπηση] 
260 |a London :   |b Connoisseur Video,   |c c1998 
300 |a 1 βιντεοκασέτα (76 λεπτ.);  |b ομίλ., έγχρ. και ασπρόμ.;  |c 1/2 ίν. 
500 |a Κυκλοφόρησαν πρώτη φορά μεταξύ 1991 και 1995 
500 |a VHS 
505 0 |a Screen play/Barry Purves (11 λεπτ.)Abductees/Paul Vester (11 λεπτ.)The village/Mark Baker (14 λεπτ.)The sound of music/Phil Mulloy (11 λεπτ.)Triangle/Erica Russell (8 λεπτ.)The mill/Petra Freeman (7 λεπτ.)Secret joy of falling angels/Simon Pummell (11 λεπτ.) 
520 |a Συλλογή βραβευμένων ταινιών κινουμένων σχεδίων μικρού μήκους από το Channel 4 
521 |a Ακατάλληλο κάτω των 15 ετών 
650 0 0 |a Animated films. 
650 0 0 |a Short films. 
700 1 |a Purveys, Barry.  |4 drt 
852 |a INST  |b SYROS  |c AV  |e 20090320  |h 791.4334 ΑΝΙ  |p 005500008567  |q 005500008567  |t VC  |y 23 
901 |a BIBL5-2008-1 
909 |a Ε  |b 129804 
920 |a ΑΝΑΜΟΡΦΩΣΗ  |b ΕΠΕΑΕΚ ΙΙ-ΤΜΣΠΣ  |y ΣΥΡΟΣ  |z 2006-06 
970 |a ΚΟΝΤΟΥ  |b ΠΑΡΑΣΚΕΥΗ  |z 2009/03/20